Statistics for New Zealand All Blacks Rugby - Loose Forwards with 10 or more tries

Click here to take the quiz!

General Stats

  • This quiz has been taken 129 times
    (34 since last reset)
  • The average score is 8 of 10

Answer Stats

Tries Player % Correct
27Richard McCaw
97%
26Kieran Read
97%
13Michael Jones
94%
17Zinzan Brooke
91%
12Jerome Kaino
91%
13Sam Cane
88%
14Josh Kronfeld
85%
16Ian Kirkpatrick
68%
12Taine Randell
56%
10Alan Whetton
47%

Score Distribution

Percentile by Number Answered

Percent of People with Each Score

Your Score History

You have not taken this quiz since the last reset